Designing and developing real time data link (Record no. 181113)

000 -LEADER
fixed length control field 00621 a2200181 4500
003 - CONTROL NUMBER IDENTIFIER
control field Nust
005 - DATE AND TIME OF LATEST TRANSACTION
control field 20170207153204.0
040 ## - CATALOGING SOURCE
Transcribing agency Nust
082 ## - DEWEY DECIMAL CLASSIFICATION NUMBER
Classification number 621.382
100 ## - MAIN ENTRY--PERSONAL NAME
Personal name Khan, Muhammad Raees (MSCS)
245 ## - TITLE STATEMENT
Title Designing and developing real time data link
Statement of responsibility, etc. Muhammad Raees Khan
260 ## - PUBLICATION, DISTRIBUTION, ETC.
Name of publisher, distributor, etc. MCS,NUST
Date of publication, distribution, etc. 2001
Place of publication, distribution, etc. Rawalpindi
300 ## - PHYSICAL DESCRIPTION
Extent vi, 80, p.;
505 ## - FORMATTED CONTENTS NOTE
Formatted contents note Introduction (page-1), Radio link system (page-9), Digital communication fundamentals (page-23), Hardware components (page-33), System integration (page-49), Summary (page-60).
538 ## - SYSTEM DETAILS NOTE
System details note Almirah No 69 Shelf No 1
610 ## - SUBJECT ADDED ENTRY--CORPORATE NAME
Corporate name or jurisdiction name as entry element PG Thesis
650 ## - SUBJECT ADDED ENTRY--TOPICAL TERM
Topical term or geographic name entry element MSCS
942 ## - ADDED ENTRY ELEMENTS (KOHA)
Koha item type
Holdings
Withdrawn status Lost status Source of classification or shelving scheme Damaged status Not for loan Collection code Permanent Location Current Location Date acquired Total Checkouts Full call number Barcode Date last seen Price effective from Koha item type
            Military College of Signals (MCS) Military College of Signals (MCS) 12/12/2016   005.1 KHA MCSTCS-16 12/08/2016 12/12/2016 Book
© 2023 Central Library, National University of Sciences and Technology. All Rights Reserved.